[Event "Asia-ch U20"]
[Site "Ulaanbaatar"]
[Date "2018.08.22"]
[Round "5"]
[White "Priasmoro, Novendra"]
[Black "Garidmagnai, Byambasuren"]
[Result "1-0"]
[WhiteElo "2485"]
[BlackElo "2128"]
[PlyCount "113"]
[EventDate "2018.08.19"]
[EventType "swiss"]
[EventRounds "9"]
[EventCountry "MGL"]
[SourceTitle "CBM 186 Extra"]
[Source "ChessBase"]
[SourceDate "2018.08.24"]
[SourceVersion "1"]
[SourceVersionDate "2018.08.24"]
[SourceQuality "1"]

1. e4 e6 2. d4 d5 3. Nc3 dxe4 4. Nxe4 Nd7 5. Nf3 Ngf6 6. Bg5 Be7 7. Bxf6 Nxf6 8. Bd3 0-0 9. Nxf6+ Bxf6 10. Qe2 c5 11. 0-0-0 cxd4 12. Qe4 g6 13. h4 e5 14. Nxe5 Qa5 15. f4 Qxa2 16. Qxd4 Be6 17. Qb4 Rfd8 18. h5 Rd5 19. Rhe1 Rad8 20. hxg6 hxg6 21. Qxb7 Bxe5 22. Rxe5 Rd4 23. Qb5 Rxf4 24. Qa5 Qxa5 25. Rxa5 Rd7 26. Be2 Rc7 27. Rf1 Rb4 28. c3 Rb8 29. Rf4 Rcb7 30. b4 Rd8 31. Bc4 Bxc4 32. Rxc4 Rd3 33. g4 Rg3 34. Kc2 Kg7 35. Kb3 Rg1 36. g5 Rb1+ 37. Kc2 Rf1 38. Rc6 Rf3 39. Kb3 Re7 40. Rac5 Re1 41. Rc7 Ra1 42. Rb7 Rf5 43. Kc4 Ra3 44. Kd4 Rf3 45. Rcc7 Rf4+ 46. Ke3 Rf5 47. Rxa7 Rb3 48. Kd3 Rb2 49. Rc5 Rf4 50. b5 Rf5 51. Kc4 Rf1 52. Kd5 Rc1 53. c4 Rg1 54. Kc6 Rgb1 55. Rd5 Rb3 56. Ra8 Rb4 57. Kc5 1-0

[Event "Asia-ch U20"]
[Site "Ulaanbaatar"]
[Date "2018.08.20"]
[Round "3"]
[White "Garidmagnai, Byambasuren"]
[Black "Batsuren, Dambasuren"]
[Result "1/2-1/2"]
[WhiteElo "2128"]
[BlackElo "2446"]
[PlyCount "136"]
[EventDate "2018.08.19"]
[EventType "swiss"]
[EventRounds "9"]
[EventCountry "MGL"]
[SourceTitle "CBM 186 Extra"]
[Source "ChessBase"]
[SourceDate "2018.08.24"]
[SourceVersion "1"]
[SourceVersionDate "2018.08.24"]
[SourceQuality "1"]

1. Nf3 Nf6 2. c4 b6 3. e3 Bb7 4. Be2 e6 5. 0-0 Be7 6. b3 0-0 7. Bb2 d5 8. cxd5 exd5 9. d4 Nbd7 10. Nbd2 Ne4 11. Rc1 f5 12. Ne5 Nxe5 13. dxe5 c5 14. f3 Nxd2 15. Qxd2 Qd7 16. f4 Qe6 17. Bf3 g6 18. Rfd1 Rfd8 19. g3 Rd7 20. Qg2 Rb8 21. Rd2 d4 22. Bxb7 Rbxb7 23. exd4 Rd5 24. Rcd1 Rbd7 25. Kh1 Kf7 26. h3 cxd4 27. Rxd4 Rxd4 28. Rxd4 Bc5 29. Rxd7+ Qxd7 30. Qe2 Qd5+ 31. Kh2 Ke6 32. g4 b5 33. gxf5+ gxf5 34. Qg2 Qxg2+ 35. Kxg2 Kd5 36. Kf3 a6 37. Bc3 Be7 38. Ba5 h5 39. Bc7 Ke6 40. Kg3 Kd5 41. Kf3 Ke6 42. Ke3 Bc5+ 43. Kd3 Ba3 44. Bd8 Bc1 45. Bg5 Kd5 46. Bh6 Ba3 47. Ke3 Bc1+ 48. Kf3 Bd2 49. Bf8 Ke6 50. Bc5 Be1 51. Ke2 Bg3 52. Be3 Kd5 53. Kd2 Bh4 54. a4 Bd8 55. Kd3 Ba5 56. axb5 axb5 57. Ke2 Bb4 58. Bd2 Bc5 59. Kf3 Be7 60. Kg3 Kc6 61. Ba5 Kd5 62. Bc7 Kc6 63. Bd6 h4+ 64. Kf3 Bxd6 65. exd6 Kxd6 66. Ke3 Kc5 67. Kd3 Kb4 68. Kc2 Kc5 1/2-1/2

[Event "Asia-ch U20"]
[Site "Ulaanbaatar"]
[Date "2018.08.20"]
[Round "2"]
[White "Garidmagnai, Byambasuren"]
[Black "Suleymenov, Alisher"]
[Result "1-0"]
[WhiteElo "2128"]
[BlackElo "2343"]
[PlyCount "117"]
[EventDate "2018.08.19"]
[EventType "swiss"]
[EventRounds "9"]
[EventCountry "MGL"]
[SourceTitle "CBM 186 Extra"]
[Source "ChessBase"]
[SourceDate "2018.08.24"]
[SourceVersion "1"]
[SourceVersionDate "2018.08.24"]
[SourceQuality "1"]

1. Nf3 Nf6 2. c4 b6 3. e3 Bb7 4. Be2 g6 5. b3 Bg7 6. Bb2 c5 7. 0-0 0-0 8. d4 cxd4 9. exd4 d5 10. Nbd2 Nc6 11. Ne5 e6 12. Rc1 Rc8 13. Ndf3 Bh6 14. Ra1 Ne7 15. c5 bxc5 16. dxc5 Bg7 17. b4 Ne4 18. Rc1 a5 19. a3 Qc7 20. Nd3 Bxb2 21. Nxb2 Nf5 22. Na4 axb4 23. axb4 Ra8 24. b5 Qa5 25. Nb6 Rad8 26. Qa4 Qxa4 27. Nxa4 d4 28. Bd3 Ra8 29. Nb6 Ra3 30. Ne5 Bd5 31. Nbd7 Nc3 32. Nxf8 Kxf8 33. b6 Rb3 34. c6 Ke7 35. Bxf5 Ne2+ 36. Kh1 Nxc1 37. Bc2 Rxb6 38. c7 Bb7 39. Rxc1 Rb5 40. Be4 Bc8 41. Nc6+ Kd7 42. Na7 Rb2 43. Kg1 f5 44. Bd3 Bb7 45. Bb5+ Ke7 46. h4 e5 47. Bc6 Ba6 48. Ra1 Kd6 49. Rxa6 Kxc7 50. Nb5+ Kd8 51. Ra7 Rc2 52. Rd7+ Ke8 53. Nc7+ Kf8 54. Ne6+ Kg8 55. Rg7+ Kh8 56. Rf7 h6 57. Bd5 Kg8 58. Nf4 d3 59. Re7+ 1-0